| 000 | 00610nam a2200229 a 4500 | ||
|---|---|---|---|
| 003 | BD-JhCC | ||
| 005 | 20230508170143.0 | ||
| 008 | 230506s1993 eng |||| ||a| 001 0 eng d | ||
| 020 | _a9780007228003 | ||
| 035 | _a(BD-JhCC)804 | ||
| 040 |
_aBD-JhCC _dBD-JhCC |
||
| 041 | _aeng | ||
| 082 |
_a813.54 _bSHD 2005 |
||
| 100 | _aSheldon, Sidney | ||
| 245 |
_aThe other side of me / _cSidney Sheldon |
||
| 260 |
_aNew Delhi : _bHarper collins Pubsishers, _c2005 |
||
| 300 |
_a368 p. : _bill. ; _c18 cm. |
||
| 504 | _aIncludes index. | ||
| 650 |
_aEnglish Fiction _zBangladesh |
||
| 942 |
_2ddc _cBK |
||
| 999 |
_c804 _d804 |
||